[Event "2. Bundesliga Ost 2010/2011"]
[Site "2+3.10.Zwettl,30.10-1.11.Wien,27+28.11.Wien,29+30.
[Date "2011.01.29"]
[Round "8"]
[Board "1"]
[White "Fauland, Alexander"]
[Black "Petran, Peter"]
[Result "1-0"]
[WhiteElo "2436"]
[BlackElo "2325"]
[PlyCount "89"]
[EventDate "2010.10.02"]
[EventType "team"]
[EventRounds "11"]
[EventCountry "AUT"]
[WhiteTeam "Raiffeisen Waehring"]
[BlackTeam "ASVOE SK Mattersburg"]

1.d4 g6 2.c4 Bg7 3.e4 Nc6 4.Nf3 e5 5.Bg5 Nge7 6.Nc3 h6 7.Be3 exd4 8.Nxd4 d6
9.Be2 O-O 10.O-O Kh7 11.Qd2 f5 12.Nxc6 bxc6 13.Bd4 Bxd4 14.Qxd4 c5 15.Qd2 Bb7
16.Bd3 f4 17.Nd5 f3 18.gxf3 Nc6 19.f4 Nd4 20.f3 Bxd5 21.exd5 Qf6 22.Rae1 Kg7
23.Re4 Rf7 24.Qg2 Raf8 25.Kh1 Kh8 26.Rg1 Rg7 27.Qh3 g5 28.Rxg5 Rxg5 29.fxg5
Qxf3+ 30.Qxf3 Nxf3 31.Re7 hxg5 32.Rh7+ Kg8 33.Rxc7 Ne5 34.Bh7+ Kh8 35.Kg2 Nxc4
36.Kg3 a5 37.Kg4 Ne5+ 38.Kxg5 Nf7+ 39.Kf6 Ne5+ 40.Ke6 Rf2 41.Bf5 Rxh2 42.Kxd6
Nc4+ 43.Kxc5 Ne3 44.Rh7+ Rxh7 45.Bxh7 1-0

[Event "2. Bundesliga Ost 2010/2011"]
[Site "2+3.10.Zwettl,30.10-1.11.Wien,27+28.11.Wien,29+30.
[Date "2011.01.29"]
[Round "8"]
[Board "2"]
[White "Brod, Manfred"]
[Black "Mahdy, Khaled"]
[Result "1/2-1/2"]
[WhiteElo "2183"]
[BlackElo "2401"]
[PlyCount "69"]
[EventDate "2010.10.02"]
[EventType "team"]
[EventRounds "11"]
[EventCountry "AUT"]
[WhiteTeam "ASVOE SK Mattersburg"]
[BlackTeam "Raiffeisen Waehring"]

1.e4 e5 2.Nf3 Nc6 3.Bc4 Nf6 4.d4 exd4 5.e5 d5 6.Bb5 Ne4 7.Nxd4 Bd7 8.Bxc6 bxc6
9.O-O Bc5 10.f3 Ng5 11.f4 Ne4 12.Be3 O-O 13.Nd2 Nxd2 14.Qxd2 Bb6 15.Nb3 f6
16.Qc3 Qe8 17.Nc5 Bf5 18.Bd4 fxe5 19.fxe5 Qe7 20.b4 a5 21.a3 axb4 22.axb4 Rxa1
23.Rxa1 Bg6 24.Qd2 Bxc5 25.Bxc5 Qxe5 26.Re1 Qf4 27.Qxf4 Rxf4 28.Rf1 Rxf1+
29.Kxf1 Bxc2 30.Ke2 Kf7 31.Ke3 Ke6 32.Kf4 Be4 33.g3 h5 34.h4 g6 35.Bd4 1/2-1/2

[Event "2. Bundesliga Ost 2010/2011"]
[Site "2+3.10.Zwettl,30.10-1.11.Wien,27+28.11.Wien,29+30.
[Date "2011.01.29"]
[Round "8"]
[Board "3"]
[White "Alvir, Aco"]
[Black "Riedner, Martin"]
[Result "1/2-1/2"]
[WhiteElo "2360"]
[BlackElo "2146"]
[PlyCount "132"]
[EventDate "2010.10.02"]
[EventType "team"]
[EventRounds "11"]
[EventCountry "AUT"]
[WhiteTeam "Raiffeisen Waehring"]
[BlackTeam "ASVOE SK Mattersburg"]

1.e4 e6 2.e5 d6 3.exd6 cxd6 4.d4 Nf6 5.Nf3 Be7 6.c4 O-O 7.Nc3 b6 8.Bd3 Bb7 9.O-O
Nbd7 10.Re1 d5 11.Bf4 a6 12.cxd5 Nxd5 13.Nxd5 Bxd5 14.Rc1 Ra7 15.Re3 Nf6 16.Ne5
Qa8 17.Bf1 Bd6 18.a3 Rc8 19.Rxc8+ Qxc8 20.Rc3 Rc7 21.Rxc7 Qxc7 22.Bxa6 Nd7
23.Bd3 Nxe5 24.dxe5 Bxe5 25.Bg3 Bxg3 26.hxg3 Qe5 27.Qd2 g6 28.Qb4 Qc7 29.Bf1 h6
30.a4 Qc1 31.Qb5 h5 32.b4 Qb1 33.Kh2 Qc1 34.a5 bxa5 35.bxa5 Bc6 36.Qb8+ Kg7
37.Qe5+ Kg8 38.Bb5 Bd5 39.a6 Qc5 40.Qb2 Qb6 41.Qe2 Kf8 42.Bc4 Ba8 43.Qe5 Ke7
44.Qg5+ Kf8 45.Qf6 Kg8 46.Bb5 Bd5 47.Be2 Qa7 48.Kg1 Qb6 49.Qa1 Qa7 50.Qa3 Kg7
51.Bf3 Kh7 52.Bxd5 exd5 53.Qa5 d4 54.Qb5 Qe7 55.Kh2 h4 56.Qb7 hxg3+ 57.fxg3 Qf8
58.a7 Qh6+ 59.Kg1 Qc1+ 60.Kf2 Qc2+ 61.Kf3 Qd3+ 62.Kf2 Qc2+ 63.Ke1 Qc1+ 64.Ke2
Qc2+ 65.Kf3 Qd3+ 66.Kf2 Qc2+ 1/2-1/2

[Event "2. Bundesliga Ost 2010/2011"]
[Site "2+3.10.Zwettl,30.10-1.11.Wien,27+28.11.Wien,29+30.
[Date "2011.01.29"]
[Round "8"]
[Board "4"]
[White "Salamon, Werner"]
[Black "Wallner, Joachim"]
[Result "0-1"]
[WhiteElo "2152"]
[BlackElo "2294"]
[PlyCount "112"]
[EventDate "2010.10.02"]
[EventType "team"]
[EventRounds "11"]
[EventCountry "AUT"]
[WhiteTeam "ASVOE SK Mattersburg"]
[BlackTeam "Raiffeisen Waehring"]

1.e4 c5 2.Nf3 e6 3.d4 cxd4 4.Nxd4 a6 5.Nc3 Qc7 6.a4 Nf6 7.Bd3 Nc6 8.Nxc6 dxc6
9.O-O e5 10.f4 Ng4 11.Kh1 exf4 12.Bxf4 Bd6 13.Qd2 Be6 14.Bxd6 Qxd6 15.Qf4 Qxf4
16.Rxf4 Ne5 17.Be2 O-O-O 18.Rd1 Rxd1+ 19.Bxd1 Rd8 20.Kg1 Nc4 21.Bg4 Nxb2
22.Bxe6+ fxe6 23.e5 Kc7 24.a5 Rd7 25.Ne4 Nc4 26.Nc5 Rd1+ 27.Kf2 Nxe5 28.Nxe6+
Kd6 29.Nxg7 Rd2+ 30.Kg3 Rxc2 31.Rh4 c5 32.Rxh7 Rb2 33.Nf5+ Kd5 34.h4 c4 35.Rc7
Rb3+ 36.Kf4 Nd3+ 37.Kg5 Nc5 38.Kf6 Rd3 39.Rc8 c3 40.Rd8+ Kc4 41.Re8 c2 42.Re1
Kc3 43.Rc1 Ne4+ 44.Kg6 Ng3 45.h5 Nxh5 46.Kxh5 Kd2 47.Ra1 c1=Q 48.Rxc1 Kxc1 49.g4
Rd5 50.Kg6 Rxa5 51.g5 Ra2 52.Kf6 Rg2 53.g6 a5 54.g7 a4 55.Ne7 Rxg7 56.Kxg7 a3 0-1

[Event "2. Bundesliga Ost 2010/2011"]
[Site "2+3.10.Zwettl,30.10-1.11.Wien,27+28.11.Wien,29+30.
[Date "2011.01.29"]
[Round "8"]
[Board "5"]
[White "Lovrinovic, Christian"]
[Black "Strodl, Joachim"]
[Result "1-0"]
[WhiteElo "2193"]
[BlackElo "2065"]
[PlyCount "101"]
[EventDate "2010.10.02"]
[EventType "team"]
[EventRounds "11"]
[EventCountry "AUT"]
[WhiteTeam "Raiffeisen Waehring"]
[BlackTeam "ASVOE SK Mattersburg"]

1.d4 g6 2.c4 Bg7 3.Nc3 d6 4.Nf3 Nd7 5.e4 e5 6.Be3 Ngf6 7.Be2 O-O 8.h3 Re8 9.d5
Nc5 10.Nd2 a5 11.g4 c6 12.Qc2 cxd5 13.cxd5 Bd7 14.g5 Nh5 15.Bxh5 gxh5 16.Nb3 Na6
17.Qe2 a4 18.Nc1 a3 19.bxa3 Qa5 20.Bd2 Rac8 21.Nb3 Qxa3 22.Nb5 Bxb5 23.Qxb5 Re7
24.O-O Bf8 25.Qe2 Qa4 26.Rfe1 Rc2 27.Qxh5 Rxa2 28.Qf3 Rc7 29.Ba5 Rcc2 30.Rxa2
Qxa2 31.Bb6 Qb2 32.Ba5 Nc5 33.Nxc5 Rxc5 34.Bd8 Rc3 35.Re3 Qc1+ 36.Kg2 Rxe3
37.Qxe3 Qxe3 38.fxe3 b5 39.Kf2 Kg7 40.Ke2 Kg6 41.Kd3 b4 42.Kc4 h6 43.h4 f5
44.gxf6 h5 45.Kxb4 Kf7 46.Kb5 Bh6 47.Kc6 Bxe3 48.Kxd6 Bf4 49.Be7 Bg3 50.Kc6 Bxh4
51.d6 1-0

[Event "2. Bundesliga Ost 2010/2011"]
[Site "2+3.10.Zwettl,30.10-1.11.Wien,27+28.11.Wien,29+30.
[Date "2011.01.29"]
[Round "8"]
[Board "6"]
[White "Savio, Alfred Jun."]
[Black "Nolz, Tom"]
[Result "1/2-1/2"]
[WhiteElo "2063"]
[BlackElo "2165"]
[PlyCount "84"]
[EventDate "2010.10.02"]
[EventType "team"]
[EventRounds "11"]
[EventCountry "AUT"]
[WhiteTeam "ASVOE SK Mattersburg"]
[BlackTeam "Raiffeisen Waehring"]

1.d4 e6 2.Nf3 Nf6 3.Bg5 d5 4.e3 Be7 5.Bd3 O-O 6.O-O Nbd7 7.Nbd2 b6 8.c3 h6
9.Bxf6 Bxf6 10.e4 dxe4 11.Bxe4 Rb8 12.Qa4 a6 13.Bc6 b5 14.Qc2 Rb6 15.Bxd7 Bxd7
16.Ne4 Bc6 17.Rad1 Ba8 18.Rfe1 Be7 19.Ne5 Bxe4 20.Qxe4 Bf6 21.Nd3 Rd6 22.Nc5 Qa8
23.Qxa8 Rxa8 24.Ne4 Rd5 25.Nxf6+ gxf6 26.Rd3 Kf8 27.Rde3 Ke7 28.f4 Kd6 29.Kf2 a5
30.Rh3 h5 31.Rd3 a4 32.Rc1 Rf5 33.Kf3 Kd5 34.b3 axb3 35.axb3 Kd6 36.c4 Ra3
37.Rcd1 c6 38.g4 hxg4+ 39.Kxg4 Ra2 40.R3d2 Ra3 41.Rd3 Ra2 42.R3d2 Ra3 1/2-1/2

[Event "2. Bundesliga Ost 2010/2011"]
[Site "2+3.10.Zwettl,30.10-1.11.Wien,27+28.11.Wien,29+30.
[Date "2011.01.29"]
[Round "8"]
[Board "1"]
[White "Polak, Thomas"]
[Black "Boros, Denez"]
[Result "1/2-1/2"]
[WhiteElo "2535"]
[BlackElo "2508"]
[PlyCount "77"]
[EventDate "2010.10.02"]
[EventType "team"]
[EventRounds "11"]
[EventCountry "AUT"]
[WhiteTeam "SK Zwettl"]
[BlackTeam "Husek Wien"]

1.d4 Nf6 2.c4 e6 3.Nf3 b6 4.g3 Bb4+ 5.Bd2 Be7 6.Bg2 Bb7 7.Nc3 O-O 8.O-O Na6
9.Bf4 Ne4 10.Nxe4 Bxe4 11.Qa4 Qc8 12.Rfd1 c6 13.Rac1 Qb7 14.Qb3 Rac8 15.Bh3 d5
16.c5 Bxf3 17.exf3 Nb8 18.Bf1 Nd7 19.cxb6 axb6 20.a4 Ra8 21.Rc2 c5 22.Bb5 Bf6
23.Be3 Qa7 24.Bc6 Rab8 25.Qb5 cxd4 26.Bxd7 dxe3 27.fxe3 Rfd8 28.Bc6 g6 29.b3
Rbc8 30.Rdc1 Kg7 31.Kg2 Rc7 32.Qd3 h5 33.h4 Qa5 34.Bb5 Rxc2+ 35.Rxc2 Be7 36.Qd4+
Bf6 37.Qd3 Be7 38.Qd4+ Bf6 39.Qd3 1/2-1/2

[Event "2. Bundesliga Ost 2010/2011"]
[Site "2+3.10.Zwettl,30.10-1.11.Wien,27+28.11.Wien,29+30.
[Date "2011.01.29"]
[Round "8"]
[Board "2"]
[White "Mihok, Oliver"]
[Black "Blatny, Pavel"]
[Result "1-0"]
[WhiteElo "2463"]
[BlackElo "2402"]
[PlyCount "39"]
[EventDate "2010.10.02"]
[EventType "team"]
[EventRounds "11"]
[EventCountry "AUT"]
[WhiteTeam "Husek Wien"]
[BlackTeam "SK Zwettl"]

1.e4 e5 2.Nf3 Nc6 3.Bb5 Nge7 4.Nc3 a6 5.Bc4 Ng6 6.h4 Nf4 7.d4 b5 8.Bb3 Nxg2+
9.Kf1 Nxh4 10.Ng5 Nxd4 11.Bxf7+ Ke7 12.Rxh4 c6 13.Ne2 Qb6 14.Be3 h6 15.c3 hxg5
16.Rxh8 Kxf7 17.cxd4 d5 18.dxe5 Bc5 19.Bxc5 Qxc5 20.Qd4 1-0

[Event "2. Bundesliga Ost 2010/2011"]
[Site "2+3.10.Zwettl,30.10-1.11.Wien,27+28.11.Wien,29+30.
[Date "2011.01.29"]
[Round "8"]
[Board "3"]
[White "Pisk, Petr"]
[Black "Juhasz, Kristof"]
[Result "1/2-1/2"]
[WhiteElo "2313"]
[BlackElo "2268"]
[PlyCount "104"]
[EventDate "2010.10.02"]
[EventType "team"]
[EventRounds "11"]
[EventCountry "AUT"]
[WhiteTeam "SK Zwettl"]
[BlackTeam "Husek Wien"]

1.e4 c6 2.d4 d5 3.exd5 cxd5 4.Bd3 Nc6 5.c3 Nf6 6.h3 e5 7.dxe5 Nxe5 8.Nf3 Nxd3+
9.Qxd3 Be7 10.Be3 O-O 11.Nbd2 Re8 12.O-O Be6 13.Rfe1 a6 14.Nd4 Nd7 15.Bf4 Nc5
16.Qf3 Bf6 17.Rad1 Bxd4 18.cxd4 Nd7 19.Nb1 Qf6 20.Qg3 Qg6 21.Qf3 Qf6 22.Nc3 Nb6
23.Qg3 Qg6 24.Qxg6 hxg6 25.Bc7 Nd7 26.Rc1 Rac8 27.Bf4 f6 28.b3 Kf7 29.f3 Nb6
30.Kf2 Rc6 31.Ne2 Rec8 32.Rxc6 Rxc6 33.Rc1 Rxc1 34.Bxc1 Bf5 35.Nc3 g5 36.Ba3 Be6
37.Ke3 Nd7 38.Bd6 Nb6 39.Bc5 Nd7 40.Bd6 Nb6 41.g4 Nc8 42.Ba3 Nb6 43.Ne2 Nd7
44.Bd6 Nb6 45.Nc1 Nc8 46.Ba3 b6 47.Nd3 a5 48.Bc1 Nd6 49.Ba3 Nb5 50.Bb2 Nd6
51.Kd2 Bc8 52.a4 Ba6 1/2-1/2

[Event "2. Bundesliga Ost 2010/2011"]
[Site "2+3.10.Zwettl,30.10-1.11.Wien,27+28.11.Wien,29+30.
[Date "2011.01.29"]
[Round "8"]
[Board "4"]
[White "Zojer, Stefan"]
[Black "Buchnicek, Petr"]
[Result "0-1"]
[WhiteElo "2043"]
[BlackElo "2305"]
[PlyCount "116"]
[EventDate "2010.10.02"]
[EventType "team"]
[EventRounds "11"]
[EventCountry "AUT"]
[WhiteTeam "Husek Wien"]
[BlackTeam "SK Zwettl"]

1.e4 d5 2.exd5 Nf6 3.Nf3 Nxd5 4.d4 g6 5.c4 Nb6 6.Nc3 Bg7 7.c5 Nd5 8.Bc4 c6 9.O-O
O-O 10.h3 b6 11.Bxd5 cxd5 12.Bf4 Nc6 13.Re1 bxc5 14.dxc5 d4 15.Nb5 a6 16.Na3 Qd5
17.Qd2 e5 18.Bh6 Bxh3 19.Rac1 Bxg2 20.Kxg2 e4 21.Rh1 exf3+ 22.Kf1 Qe4 23.Bxg7
Qe2+ 24.Qxe2 fxe2+ 25.Kxe2 Kxg7 26.Nc4 Rfe8+ 27.Kd3 Rad8 28.Nd6 Re6 29.a3 Rf6
30.Rc2 Rf4 31.Re1 Kf8 32.Kc4 h5 33.b4 g5 34.Rce2 Rd7 35.b5 d3+ 36.Re4 d2 37.Rd1
axb5+ 38.Kxb5 Nd4+ 39.Kc4 Rxe4 40.Nxe4 Nf3 41.Nf6 Re7 42.c6 h4 43.Kc5 h3 44.Kd6
Re6+ 45.Kd5 Re5+ 46.Kd6 Re6+ 47.Kd5 Re7 48.Kd6 h2 49.Ng4 Re6+ 50.Kd7 h1=Q
51.Rxh1 Ne1 52.Ne3 Rxe3 53.fxe3 d1=Q+ 54.Kc7 Ke7 55.Rh8 Nf3 56.Rb8 Ne5 57.Rb6
Qd6+ 58.Kb7 Kd8 0-1

[Event "2. Bundesliga Ost 2010/2011"]
[Site "2+3.10.Zwettl,30.10-1.11.Wien,27+28.11.Wien,29+30.
[Date "2011.01.29"]
[Round "8"]
[Board "5"]
[White "Wagner, Stefan"]
[Black "Haas, Bernhard"]
[Result "0-1"]
[WhiteElo "2173"]
[BlackElo "1989"]
[PlyCount "36"]
[EventDate "2010.10.02"]
[EventType "team"]
[EventRounds "11"]
[EventCountry "AUT"]
[WhiteTeam "SK Zwettl"]
[BlackTeam "Husek Wien"]

1.c4 e5 2.g3 Nf6 3.Bg2 d5 4.cxd5 Nxd5 5.Nf3 Nc6 6.O-O Be7 7.d4 exd4 8.Nxd4 Nxd4
9.Qxd4 Nf6 10.Qa4+ c6 11.Nc3 Be6 12.b4 O-O 13.a3 Qd4 14.Bb2 a5 15.Qc2 Qc4
16.bxa5 Rxa5 17.Rfc1 Rfa8 18.Nd5 cxd5 0-1

[Event "2. Bundesliga Ost 2010/2011"]
[Site "2+3.10.Zwettl,30.10-1.11.Wien,27+28.11.Wien,29+30.
[Date "2011.01.29"]
[Round "8"]
[Board "6"]
[White "Seknicka, Daniel"]
[Black "Janetschek, Karl"]
[Result "0-1"]
[WhiteElo "1684"]
[BlackElo "2271"]
[PlyCount "72"]
[EventDate "2010.10.02"]
[EventType "team"]
[EventRounds "11"]
[EventCountry "AUT"]
[WhiteTeam "Husek Wien"]
[BlackTeam "SK Zwettl"]

1.d4 Nf6 2.Nf3 e6 3.c4 b6 4.e3 Bb7 5.Nbd2 c5 6.Bd3 Nc6 7.a3 Be7 8.O-O O-O 9.b3
cxd4 10.exd4 d5 11.Bb2 Re8 12.Rc1 Rc8 13.Qe2 Bf8 14.b4 dxc4 15.Nxc4 g6 16.Nce5
Bh6 17.Nxc6 Bxc6 18.Rc2 Bxf3 19.Qxf3 Nd5 20.g3 Rxc2 21.Bxc2 b5 22.h4 Qd7 23.h5
Bg7 24.Bb3 Rc8 25.Re1 Nb6 26.hxg6 hxg6 27.Rd1 Nc4 28.Bxc4 Rxc4 29.Qa8+ Rc8
30.Qe4 Qc6 31.Qf4 Qd5 32.g4 e5 33.Qg5 Qf3 34.Rc1 Rxc1+ 35.Bxc1 Bf6 36.Qd2 Qxg4+ 0-1

[Event "2. Bundesliga Ost 2010/2011"]
[Site "2+3.10.Zwettl,30.10-1.11.Wien,27+28.11.Wien,29+30.
[Date "2011.01.29"]
[Round "8"]
[Board "1"]
[White "Cvek, Robert"]
[Black "Rotstein, Arkadij"]
[Result "1-0"]
[WhiteElo "2494"]
[BlackElo "2542"]
[PlyCount "87"]
[EventDate "2010.10.02"]
[EventType "team"]
[EventRounds "11"]
[EventCountry "AUT"]
[WhiteTeam "ASVOE Pamhagen"]
[BlackTeam "SV Tschaturanga Neubau"]

1.Nf3 Nf6 2.c4 e6 3.Nc3 d5 4.d4 Bb4 5.cxd5 exd5 6.Bg5 h6 7.Bxf6 Qxf6 8.Qb3 Qb6
9.a3 Ba5 10.Qc2 Bf5 11.Qa4+ Bd7 12.Qc2 Bf5 13.Qa4+ Nc6 14.b4 O-O-O 15.e3 Nxb4
16.axb4 Bxb4 17.Rc1 Ba5 18.Qa1 Bb4 19.Be2 Qa5 20.Qxa5 Bxa5 21.Kd2 Rd6 22.Bd3
Bxd3 23.Kxd3 Bxc3 24.Rxc3 Rb6 25.h4 h5 26.Ne5 Rf8 27.Rc2 c6 28.f3 Rb3+ 29.Kd2
Kc7 30.Ra1 a6 31.Nd3 Re8 32.Re1 Re7 33.Nf4 Kd6 34.Nxh5 g6 35.Nf4 Re8 36.Nd3 Rh8
37.g3 Re8 38.g4 Rh8 39.Rh1 a5 40.Ra2 b6 41.h5 gxh5 42.Rxh5 Re8 43.Rh6+ Re6
44.Rxe6+ 1-0

[Event "2. Bundesliga Ost 2010/2011"]
[Site "2+3.10.Zwettl,30.10-1.11.Wien,27+28.11.Wien,29+30.
[Date "2011.01.29"]
[Round "8"]
[Board "2"]
[White "Kreindl, Helmut"]
[Black "Lipka, Juraj"]
[Result "0-1"]
[WhiteElo "2179"]
[BlackElo "2414"]
[PlyCount "82"]
[EventDate "2010.10.02"]
[EventType "team"]
[EventRounds "11"]
[EventCountry "AUT"]
[WhiteTeam "SV Tschaturanga Neubau"]
[BlackTeam "ASVOE Pamhagen"]

1.d4 d5 2.Bg5 g6 3.e3 Bg7 4.Nf3 Nf6 5.Nbd2 O-O 6.Be2 c5 7.O-O cxd4 8.exd4 Nc6
9.c3 h6 10.Bxf6 Bxf6 11.Bd3 Qd6 12.Re1 Bg7 13.Qe2 Bf5 14.Bxf5 gxf5 15.Ne5 Nxe5
16.dxe5 Qg6 17.Nf3 e6 18.Rac1 Rfd8 19.Nd4 Rac8 20.Qb5 Qg5 21.Rcd1 Qe7 22.Qe2 Kh7
23.Rd3 Rg8 24.Rh3 Bf8 25.Qd3 Rg6 26.f4 Qc5 27.Kh1 Qc4 28.Qb1 Be7 29.Ree3 Bc5
30.Rd3 Bxd4 31.Rxd4 Qe2 32.Rg3 Rcg8 33.Rxg6 Rxg6 34.Qg1 h5 35.Rb4 h4 36.h3 b6
37.a4 Rg3 38.Kh2 Rf3 39.Rd4 Rf2 40.b3 Rf1 41.Rd2 Qe1 0-1

[Event "2. Bundesliga Ost 2010/2011"]
[Site "2+3.10.Zwettl,30.10-1.11.Wien,27+28.11.Wien,29+30.
[Date "2011.01.29"]
[Round "8"]
[Board "3"]
[White "Rueckschloss, Karol"]
[Black "Kleiser, Gregor"]
[Result "1-0"]
[WhiteElo "2293"]
[BlackElo "2258"]
[PlyCount "101"]
[EventDate "2010.10.02"]
[EventType "team"]
[EventRounds "11"]
[EventCountry "AUT"]
[WhiteTeam "ASVOE Pamhagen"]
[BlackTeam "SV Tschaturanga Neubau"]

1.c4 Nf6 2.d4 g6 3.Nc3 d5 4.Nf3 Bg7 5.e3 O-O 6.Bd3 c5 7.O-O cxd4 8.Nxd4 e5 9.Nb3
Nc6 10.cxd5 Nxd5 11.Nxd5 Qxd5 12.e4 Qd6 13.Bc4 Qb4 14.Qe2 a5 15.a4 Re8 16.Bd2
Qb6 17.Bb5 Rd8 18.Qe1 Be6 19.Bxc6 Qxb3 20.Bb5 b6 21.Bc3 Rac8 22.Qe3 Bc4 23.Ra3
Qc2 24.Bxc4 Rxc4 25.Qxb6 Rd1 26.Ra1 Rxa1 27.Rxa1 Rxa4 28.Rf1 Qxe4 29.Qd8+ Bf8
30.Re1 Qc6 31.h3 f6 32.Rd1 Rc4 33.Qxa5 Qe6 34.Rd8 Rc8 35.Bb4 Rxd8 36.Qxd8 Qf7
37.f3 Kg7 38.Bxf8+ Qxf8 39.Qxf8+ Kxf8 40.Kf2 Ke7 41.Ke3 Kd6 42.Kd3 Kc5 43.g4 Kb4
44.Ke4 Kc4 45.g5 fxg5 46.Kxe5 Kb3 47.Kf6 Kxb2 48.Kxg5 Kc3 49.Kh6 Kd3 50.Kxh7 Ke3
51.Kxg6 1-0

[Event "2. Bundesliga Ost 2010/2011"]
[Site "2+3.10.Zwettl,30.10-1.11.Wien,27+28.11.Wien,29+30.
[Date "2011.01.29"]
[Round "8"]
[Board "4"]
[White "Ponjican, Erich"]
[Black "Vitouch, Anatol"]
[Result "1/2-1/2"]
[WhiteElo "2206"]
[BlackElo "2262"]
[PlyCount "59"]
[EventDate "2010.10.02"]
[EventType "team"]
[EventRounds "11"]
[EventCountry "AUT"]
[WhiteTeam "SV Tschaturanga Neubau"]
[BlackTeam "ASVOE Pamhagen"]

1.e4 g6 2.d4 Bg7 3.Nf3 d6 4.h3 Nd7 5.Be3 Ngf6 6.Nc3 e5 7.dxe5 dxe5 8.Bc4 O-O
9.O-O c6 10.a4 Qe7 11.Qd2 Nc5 12.Bg5 Qc7 13.Qe3 Ne6 14.Bxe6 Bxe6 15.Bh6 Nh5
16.Bxg7 Kxg7 17.Rfd1 f6 18.a5 Nf4 19.Ne2 Nxe2+ 20.Qxe2 Rfd8 21.b4 Rxd1+ 22.Rxd1
Rd8 23.Rd2 Rxd2 24.Qxd2 b6 25.axb6 axb6 26.c3 Qd7 27.Qxd7+ Bxd7 28.Kf1 Be6
29.Ke2 Kf7 30.Ke3 1/2-1/2

[Event "2. Bundesliga Ost 2010/2011"]
[Site "2+3.10.Zwettl,30.10-1.11.Wien,27+28.11.Wien,29+30.
[Date "2011.01.29"]
[Round "8"]
[Board "5"]
[White "Hangweyrer, Manfred"]
[Black "Schwaninger, Wolfgang"]
[Result "1-0"]
[WhiteElo "2334"]
[BlackElo "2146"]
[PlyCount "59"]
[EventDate "2010.10.02"]
[EventType "team"]
[EventRounds "11"]
[EventCountry "AUT"]
[WhiteTeam "ASVOE Pamhagen"]
[BlackTeam "SV Tschaturanga Neubau"]

1.e4 g6 2.Nc3 Bg7 3.f4 d6 4.Nf3 c5 5.Bb5+ Bd7 6.Bc4 Nc6 7.O-O Nd4 8.a4 a6 9.d3
e6 10.f5 gxf5 11.exf5 Nxf5 12.Ng5 Bd4+ 13.Kh1 h6 14.Nxf7 Qh4 15.Rxf5 exf5
16.Nxh8 Bxh8 17.Bxg8 O-O-O 18.Bd5 Be5 19.h3 Qg3 20.Qg1 Re8 21.Bd2 Bd4 22.Qh2 Qh4
23.Qf4 Qe7 24.Qf3 Qh4 25.Bxb7+ Kc7 26.Bxa6 Bc6 27.Nd5+ Kb8 28.Bb5 Re2 29.Bxc6
Rxd2 30.Qxf5 1-0

[Event "2. Bundesliga Ost 2010/2011"]
[Site "2+3.10.Zwettl,30.10-1.11.Wien,27+28.11.Wien,29+30.
[Date "2011.01.29"]
[Round "8"]
[Board "6"]
[White "Froeschl, Felix"]
[Black "Kuthan, Andreas"]
[Result "1/2-1/2"]
[WhiteElo "2174"]
[BlackElo "2204"]
[PlyCount "29"]
[EventDate "2010.10.02"]
[EventType "team"]
[EventRounds "11"]
[EventCountry "AUT"]
[WhiteTeam "SV Tschaturanga Neubau"]
[BlackTeam "ASVOE Pamhagen"]

1.d4 Nf6 2.Nf3 g6 3.c4 Bg7 4.Nc3 O-O 5.e4 d6 6.Be2 e5 7.O-O Na6 8.Re1 c6 9.h3
exd4 10.Nxd4 Re8 11.Bf3 Qb6 12.Na4 Qa5 13.Bf4 Nd7 14.a3 Nac5 15.Nc3 1/2-1/2

[Event "2. Bundesliga Ost 2010/2011"]
[Site "2+3.10.Zwettl,30.10-1.11.Wien,27+28.11.Wien,29+30.
[Date "2011.01.29"]
[Round "8"]
[Board "1"]
[White "Michalik, Peter"]
[Black "Likavsky, Tomas"]
[Result "0-1"]
[WhiteElo "2455"]
[BlackElo "2459"]
[PlyCount "86"]
[EventDate "2010.10.02"]
[EventType "team"]
[EventRounds "11"]
[EventCountry "AUT"]
[WhiteTeam "1. Wr. Neustaedter SV"]
[BlackTeam "ASVOE Wulkaprodersdorf"]

1.Nf3 c5 2.c4 Nf6 3.g3 d5 4.cxd5 Nxd5 5.Bg2 Nc6 6.Nc3 Nc7 7.d3 e5 8.O-O Be7 9.a3
O-O 10.Rb1 Be6 11.Bd2 f6 12.Ne1 Qd7 13.Nc2 Bb3 14.Bxc6 bxc6 15.Qc1 Rfd8 16.Be3
Nb5 17.Ne4 Nd4 18.Bxd4 cxd4 19.Nb4 Rdc8 20.Nd2 Bf7 21.Nc2 c5 22.Ne1 Ba2 23.Ra1
Bd5 24.Nc4 Qh3 25.Qc2 Rc6 26.e4 dxe3 27.fxe3 Qe6 28.e4 Bxc4 29.dxc4 Rd6 30.Ng2
Rad8 31.Rf2 Rd3 32.Re1 Qc6 33.Nh4 g6 34.Nf3 Qd7 35.Ree2 Qc6 36.Kg2 Bf8 37.Nd2 f5
38.Rf3 R3d4 39.exf5 gxf5 40.Nb3 Rd3 41.Ref2 Bh6 42.Na5 Qe4 43.Qe2 Re3 0-1

[Event "2. Bundesliga Ost 2010/2011"]
[Site "2+3.10.Zwettl,30.10-1.11.Wien,27+28.11.Wien,29+30.
[Date "2011.01.29"]
[Round "8"]
[Board "2"]
[White "Schweda, Roland"]
[Black "Schroll, Gerhard"]
[Result "1/2-1/2"]
[WhiteElo "2457"]
[BlackElo "2449"]
[PlyCount "73"]
[EventDate "2010.10.02"]
[EventType "team"]
[EventRounds "11"]
[EventCountry "AUT"]
[WhiteTeam "ASVOE Wulkaprodersdorf"]
[BlackTeam "1. Wr. Neustaedter SV"]

1.d4 f5 2.g3 Nf6 3.Bg2 e6 4.Nf3 Be7 5.O-O O-O 6.b3 d5 7.c4 a5 8.Ba3 Nc6 9.Bxe7
Qxe7 10.Qc1 a4 11.Nbd2 Ne4 12.Qb2 Qb4 13.e3 Qc3 14.Qxc3 Nxc3 15.cxd5 exd5 16.a3
axb3 17.Nxb3 Na5 18.Nfd2 Be6 19.Bf3 Ne4 20.Rfc1 c6 21.Be2 Ra7 22.f3 Nxb3 23.Nxb3
Nd6 24.Nc5 Bf7 25.Nd7 Rfa8 26.Nb6 Re8 27.Kf2 Be6 28.a4 Nc8 29.a5 Kf7 30.Rcb1 Ke7
31.a6 bxa6 32.Rxa6 Rxa6 33.Bxa6 Nxb6 34.Rxb6 Kd6 35.Rb7 Bd7 36.Bd3 h6 37.h3 1/2-1/2

[Event "2. Bundesliga Ost 2010/2011"]
[Site "2+3.10.Zwettl,30.10-1.11.Wien,27+28.11.Wien,29+30.
[Date "2011.01.29"]
[Round "8"]
[Board "3"]
[White "Mazur, Stefan"]
[Black "Volkmann, Friedrich Karl"]
[Result "0-1"]
[WhiteElo "2402"]
[BlackElo "2409"]
[PlyCount "118"]
[EventDate "2010.10.02"]
[EventType "team"]
[EventRounds "11"]
[EventCountry "AUT"]
[WhiteTeam "1. Wr. Neustaedter SV"]
[BlackTeam "ASVOE Wulkaprodersdorf"]

1.e4 e5 2.Nf3 Nf6 3.Nxe5 Nxe4 4.Qe2 Qe7 5.Qxe4 d6 6.d4 dxe5 7.dxe5 Nc6 8.Bb5 Bd7
9.Nc3 O-O-O 10.O-O Nxe5 11.Be3 Bxb5 12.Nxb5 a6 13.Nc3 Nc6 14.Qg4+ Qd7 15.Qxd7+
Rxd7 16.Rad1 Rxd1 17.Rxd1 Bd6 18.Ne4 Be7 19.Kf1 Re8 20.Nc5 Nb4 21.c3 Nc2 22.Bd4
Nxd4 23.cxd4 Bxc5 24.dxc5 Re5 25.Rc1 Kd7 26.f4 Rf5 27.c6+ Kd6 28.cxb7 Rxf4+
29.Ke2 Rb4 30.b3 Rxb7 31.Rd1+ Ke7 32.Rc1 Kd7 33.Rd1+ Kc8 34.Rd4 Rb5 35.Ra4 a5
36.Kf3 Kd7 37.Rd4+ Ke7 38.Re4+ Kd6 39.Re8 Rf5+ 40.Kg3 Kd5 41.Re7 c6 42.Ra7 Kd4
43.Ra6 Rc5 44.Kh3 Kc3 45.Ra7 Kb2 46.g4 g5 47.Kg2 h6 48.h4 gxh4 49.Kh3 Kxa2 50.b4
Rc3+ 51.Kxh4 a4 52.Rxa4+ Kb3 53.Ra7 Kxb4 54.Rxf7 c5 55.Rf6 Rc1 56.Kg3 Rg1+
57.Kh3 c4 58.Rf4 Re1 59.Rf6 c3 0-1

[Event "2. Bundesliga Ost 2010/2011"]
[Site "2+3.10.Zwettl,30.10-1.11.Wien,27+28.11.Wien,29+30.
[Date "2011.01.29"]
[Round "8"]
[Board "4"]
[White "Sandhu, Mario"]
[Black "Steiner, Adam"]
[Result "1/2-1/2"]
[WhiteElo "2330"]
[BlackElo "2232"]
[PlyCount "123"]
[EventDate "2010.10.02"]
[EventType "team"]
[EventRounds "11"]
[EventCountry "AUT"]
[WhiteTeam "ASVOE Wulkaprodersdorf"]
[BlackTeam "1. Wr. Neustaedter SV"]

1.Nf3 c5 2.g3 Nc6 3.Bg2 g6 4.O-O Bg7 5.d3 e5 6.e4 Nge7 7.Bg5 h6 8.Be3 d6 9.Qd2
Be6 10.c3 f5 11.Na3 Qd7 12.Nc2 g5 13.exf5 Bxf5 14.Rfe1 O-O 15.h4 g4 16.Nh2 Qe6
17.Rad1 Qg6 18.Be4 b6 19.Qe2 h5 20.Bg5 Bf6 21.Bxf6 Rxf6 22.Rd2 Raf8 23.Qd1 Qf7
24.Ne3 Be6 25.Nhxg4 hxg4 26.Nxg4 Bxg4 27.Qxg4+ Qg7 28.Qd7 Rd8 29.Qb7 d5 30.Bg2
Nf5 31.Qxg7+ Kxg7 32.Rde2 Nfe7 33.a3 Kf7 34.b4 cxb4 35.axb4 b5 36.c4 bxc4
37.dxc4 dxc4 38.b5 Nd4 39.Rxe5 Ng6 40.Rc5 Rf5 41.Rxc4 Nxb5 42.Be4 Rf6 43.Rc5 a6
44.h5 Ne7 45.Re5 Nd4 46.Kg2 Ndc6 47.Rc5 Rd2 48.Rf1 Nd4 49.Ra5 Nb3 50.Ra3 Nc5
51.Bb1 Kg7 52.g4 Ne6 53.Kg3 Nf4 54.Be4 Kh6 55.Ra5 Ned5 56.Rfa1 Kg5 57.Rxa6 Ne2+
58.Kg2 Kxg4 59.Rxf6 Nxf6 60.Bf3+ Kg5 61.Ra5+ Kh6 62.Ra6 1/2-1/2